| 000 | 00000nas 2200000za 4500 |
| 001 | 9.503342 |
| 003 | CaOODSP |
| 005 | 20221107133243 |
| 007 | cr ||||||||||| |
| 008 | 150406d20002004qucar p o||||f0 |0fre|d |
| 022 | |a1702-0700 |
| 040 | |aCaOODSP|bfre |
| 043 | |an-cn--- |
| 086 | 1 |aCH10-1F-PDF |
| 110 | 1 |aCanada. |bPatrimoine canadien. |
| 210 | 0 |aLang. off. concert. internminist. |
| 222 | 0|aLangues officielles, concertation interministérielle |
| 245 | 10|aLangues officielles, concertation interministérielle |h[ressource électronique] / |cPatrimoine canadien. |
| 246 | 3 |aPatrimoine canadien, langues officielles, concertation interministérielle |
| 260 | |a[Gatineau, Québec] : |bPatrimoine canadien,|c[2000-2004] |
| 310 | |aAnnuel |
| 362 | 1 |a[1999/2000-2002/2003] |
| 691 | 07|aLangue officielle|2gcpds |
| 775 | 08|tOfficial languages, interdepartmental coordination |w(CaOODSP)9.506947 |
| 785 | 00|tLangues officielles, rapport annuel |w(CaOODSP)9.501925 |